[Event "Rutas de Cuenca op 6th"]
[Site "Cuenca"]
[Date "2019.07.19"]
[Round "1"]
[White "Gonzalez Lopez, Francisco Jesus"]
[Black "Trabazos Gallego, Javier"]
[Result "0-1"]
[WhiteElo "1433"]
[BlackElo "1939"]
[PlyCount "76"]
[EventDate "2019.07.19"]
[EventType "swiss"]
[EventRounds "7"]
[EventCountry "ESP"]
[SourceTitle "CBM 195 Extra"]
[Source "ChessBase"]
[SourceDate "2020.05.31"]
[SourceVersion "1"]
[SourceVersionDate "2020.05.31"]
[SourceQuality "1"]

1. c4 Nf6 2. Nc3 g6 3. g3 Bg7 4. Bg2 0-0 5. Nf3 d6 6. d3 Nc6 7. 0-0 Bg4 8. e3 Qd7 9. Re1 Qf5 10. Nh4 Qh5 11. f3 Bd7 12. d4 g5 13. Ne4 gxh4 14. Nxf6+ Bxf6 15. g4 Qg6 16. h3 e5 17. d5 Ne7 18. e4 Bg5 19. Be3 Bxe3+ 20. Rxe3 Qg5 21. Qb3 Rab8 22. Rf1 Ng6 23. Re2 b5 24. c5 dxc5 25. Qc3 c4 26. b3 b4 27. Qe3 Qxe3+ 28. Rxe3 c3 29. Rc1 Nf4 30. Bf1 Bb5 31. Kh2 Bxf1 32. Rxf1 Rb6 33. Rc1 Rd8 34. Rc2 c6 35. Re1 cxd5 36. exd5 Rxd5 37. Kh1 Rbd6 38. Rcc1 Nd3 0-1

[Event "Andalucia-chB"]
[Site "Roquetas de Mar"]
[Date "2017.05.20"]
[Round "3"]
[White "Gonzalez Lopez, Francisco Jesus"]
[Black "Valenzuela Fernandez, Alejandro"]
[Result "0-1"]
[WhiteElo "1588"]
[BlackElo "1416"]
[PlyCount "114"]
[EventDate "2017.05.19"]
[EventType "swiss"]
[EventRounds "6"]
[EventCountry "ESP"]
[SourceTitle "EXT 2020"]
[Source "ChessBase"]
[SourceDate "2019.10.17"]
[SourceVersion "1"]
[SourceVersionDate "2019.10.17"]
[SourceQuality "1"]

1. Nf3 c5 2. d4 cxd4 3. c3 dxc3 4. Nxc3 Nc6 5. Bf4 e6 6. a3 d5 7. Nb5 Qa5+ 8. Nc3 Qb6 9. Rb1 Bc5 10. e3 a6 11. b4 Be7 12. Na4 Qa7 13. Bd3 b5 14. Nc3 f6 15. Nd4 Nxd4 16. exd4 Qb6 17. Be3 Bd7 18. 0-0 Bd6 19. Re1 Qc7 20. Rc1 Qb6 21. Re2 Ne7 22. Qe1 0-0 23. Rec2 Rac8 24. Qe2 f5 25. f3 Nc6 26. Qe1 f4 27. Qh4 h6 28. Bf2 Be7 29. Qg4 Bf6 30. Qg6 Bxd4 31. Qh7+ Kf7 32. Qg6+ Ke7 33. Re1 Bxf2+ 34. Rxf2 Qd4 35. Ne2 Qf6 36. Qxf6+ Rxf6 37. Nc3 Nxb4 38. axb4 Rxc3 39. Rd2 Rb3 40. Rb1 Rxb1+ 41. Bxb1 Kd6 42. Rc2 Rf8 43. Ra2 Ra8 44. Kf2 e5 45. Rd2 d4 46. g3 g5 47. g4 a5 48. Be4 Bc6 49. Ra2 Bxe4 50. fxe4 a4 51. Ra3 Rc8 52. Ra2 Rc4 53. Rb2 d3 54. Kf3 Rc2 55. Rb1 a3 56. Rd1 d2 57. Ke2 a2 0-1